000 00407nam a2200157Ia 4500
008 230917s9999||||xx |||||||||||||| ||und||
040 _e112911
_aMAIN
041 _aEnglish
082 _a657.48 S23T
100 _aSharma, D. G.
245 0 _aTaxmann's financial accounting: For CA PE-1 examination
250 _a2nd ed.
260 _aNew Delhi
_bTaxmann Allied
_c2005
300 _a879 p.
942 _cBK
999 _c136504
_d136504